Planets By Picture Quiz - Statistics

General Stats
  • This quiz has been taken 57,366 times
  • The average score is 7 of 8
Answer Stats
Picture Answer % Correct
Earth
100%
Saturn
99%
Mars
96%
Venus
91%
Jupiter
90%
Neptune
90%
Uranus
86%
Mercury
85%
No matching quizzes found
Score Distribution
Percent of People with Each Score
Percentile by Number Answered
Your Score History
You have not taken this quiz